| 000 | 00483nam a2200157Ia 4500 | ||
|---|---|---|---|
| 008 | 151021s9999 xx 000 0 und d | ||
| 020 | _a9.7801317555e+012 | ||
| 050 | _aQD157.2.S48 2001 | ||
| 245 | _a_Inorgarnic chemistry(3rd ed) Catherine E. Housecroft | ||
| 260 | _aEngland Pearson Education limited 2001 | ||
| 300 | _axxxviii,1098p.:ill | ||
| 500 | _aIncludes index. | ||
| 650 | _a_Inorgarnic chemistry | ||
| 700 | _a_Alan G.Sharpe | ||
| 980 | _a^d20110118 04:24:37^oanne | ||
| 999 |
_c6137 _d6137 |
||